Score 0/18 Timer 04:00
0 Plays Today
Clue Word % Correct
The 'New World'America
92.4%
ContinentSouth America
92.4%
ContinentAfrica
92.4%
Continent covered on iceAntarctica
92.4%
ContinentNorth America
91.1%
Country with three capital citiesSouth Africa
89.9%
Island nation with Kingston as its capital cityJamaica
87.3%
Island nation on the Caribbean with Roseau as its capitalDominica
83.5%
France's largest island on the Mediterranean Corsica
81%
Clue Word % Correct
Montenegro's capital cityPodgorica
74.7%
Country with San Jose as its capital cityCosta Rica
73.4%
Region connecting two continentsCentral America
44.3%
Beach city in Los Angeles county, CaliforniaSanta Monica
40.5%
City in Oneida County, New York and ancient Tunisia's cityUtica
25%
Chile's northernmost cityArica
16.5%
City, region, and province in southern PeruIca
16.5%
Serbia's fifth largest citySubotica
15.2%
Bosnia Herzegovina's fourth largest cityZenica
7.6%
Come Together.
Have Fun.
All Virtual.
We all need to come together. Play Sporcle's virtual live trivia to have fun, connect with people, and get your trivia on. Join a live hosted trivia game for your favorite pub trivia experience done virtually. If a virtual private party is more your thing, go here for details.

You're not logged in!

Compare scores with friends on all Sporcle quizzes.
OR
Log In

Sporcle TV

Today on Sporcle TV


Watch our educational content, quiz creation guides, and fun videos on Sporcle TV.

Show Comments

Extras

Created Feb 6, 2016ReportNominate
Tags:Ending, ica

Top Quizzes Today


Score Distribution

Paid Content

Your Account Isn't Verified!

In order to create a playlist on Sporcle, you need to verify the email address you used during registration. Go to your Sporcle Settings to finish the process.

Report this User

Report this user for behavior that violates our Community Guidelines.

Details: